Dlhodobá nezamestnanosť a čo s ňou?
Vymedzenie pojmu dlhodobo nezamestnaný. Analýza dlhodobej nezamestnanosti (miera nezamestnanosti, uchádzači o zamestnanie dlhodobo evidovaní). Štruktúra dlhodobo evidovaných uchádzačov o zamestnanie. Osoby so zmenenou pracovnou schopnosťou - ZPS. Hlavné príčiny dlhodobej nezamestnanosti. Návrh opatr...
Salvato in:
| Autore principale: | |
|---|---|
| Natura: | Capitolo di libro |
| Lingua: | slovacco |
| Soggetti: | |
| Tags: |
Nessun Tag, puoi essere il primo ad aggiungerne!!
|
MARC
| LEADER | 00000naa a2200000 4500 | ||
|---|---|---|---|
| 001 | r017033 | ||
| 005 | 20221129134007.0 | ||
| 041 | 0 | |a slo | |
| 044 | |a CZ | ||
| 245 | 1 | 0 | |a Dlhodobá nezamestnanosť a čo s ňou? |c E. Komínková |
| 520 | |a Vymedzenie pojmu dlhodobo nezamestnaný. Analýza dlhodobej nezamestnanosti (miera nezamestnanosti, uchádzači o zamestnanie dlhodobo evidovaní). Štruktúra dlhodobo evidovaných uchádzačov o zamestnanie. Osoby so zmenenou pracovnou schopnosťou - ZPS. Hlavné príčiny dlhodobej nezamestnanosti. Návrh opatrení na zníženie dlhodobej nezamestnanosti. | ||
| 610 | 2 | 0 | |a nezamestnanosť |
| 610 | 2 | 0 | |a trh práce |
| 610 | 2 | 0 | |a miera nezamestnanosti |
| 610 | 2 | 0 | |a osoby so zníženou pracovnou schopnosťou |
| 610 | 2 | 0 | |a úrady práce |
| 610 | 2 | 0 | |a Slovensko |
| 610 | 2 | 0 | |a údaje štatistické |
| 100 | 1 | |a Komínková, E. | |